MANUAL PARA LA DESCRIPCION DE PERFILES DE SUELOS Y EVALUACION DEL ENTORNO (Registro nro. 39799)
[ vista simple ]
| 000 -LEADER | |
|---|---|
| fixed length control field | 00977nam a2200205 a 4500 |
| 001 - CONTROL NUMBER | |
| control field | 39799 |
| 005 - DATE AND TIME OF LATEST TRANSACTION | |
| control field | 20180714013448.0 |
| 008 - FIXED-LENGTH DATA ELEMENTS--GENERAL INFORMATION | |
| fixed length control field | 140415s1999 mx 000 0 spa d |
| 020 ## - INTERNATIONAL STANDARD BOOK NUMBER | |
| International Standard Book Number | 9688633968 |
| 041 ## - LANGUAGE CODE | |
| Language code of text/sound track or separate title | spa |
| 082 ## - DEWEY DECIMAL CLASSIFICATION NUMBER | |
| Classification number | 631.4 |
| Item number | MAN |
| 245 00 - TITLE STATEMENT | |
| Title | MANUAL PARA LA DESCRIPCION DE PERFILES DE SUELOS Y EVALUACION DEL ENTORNO |
| 250 ## - EDITION STATEMENT | |
| Edition statement | 1a ed. |
| 260 ## - PUBLICATION, DISTRIBUTION, ETC. | |
| Place of publication, distribution, etc. | MEXICO : |
| Name of publisher, distributor, etc. | BENEMERITA UNIVERSIDAD AUTONOMA DE PUEBLA, |
| Date of publication, distribution, etc. | 1999 |
| 300 ## - PHYSICAL DESCRIPTION | |
| Extent | 59 |
| Dimensions | x 17 x 22.05 |
| 490 ## - SERIES STATEMENT | |
| Series statement | APOYO A LA DOCENCIA |
| 500 ## - GENERAL NOTE | |
| General note | COLECCIÓN PUEBLA |
| 520 ## - SUMMARY, ETC. | |
| Summary, etc. | ESTE LIBRO ESTA DIVIDIDO EN CUATRO SECCIONES, CADA UNA CON OBJETIVOS ESPECIFICOS. CONTIENE UNA PLANILLA DE DESCRIPCION DE PERFILES DE SUELOS Y EVALUACION DEL ENTORNO, LA PRIMERA DESTACA LA INFORMACION GENERAL DEL SITIO, LA SEGUNDA SOBRE LAS CONDICIONES DEL ENTORNO, EN LA TERCERA EL INVENTARIO DE LOS RECURSOS NATURALES, LA CUARTA SE DESTACA CON LA INFORMACION Y DESCRIPCION DEL LUGAR. |
| 650 14 - SUBJECT ADDED ENTRY--TOPICAL TERM | |
| Topical term or geographic name entry element | EDAFOLOGIA |
| General subdivision | SUELO |
| Withdrawn status | Lost status | Source of classification or shelving scheme | Damaged status | Not for loan | Collection code | Home library | Current library | Shelving location | Date acquired | Source of acquisition | Inventory number | Total Checkouts | Full call number | Barcode | Date last seen | Price effective from | Koha item type |
|---|---|---|---|---|---|---|---|---|---|---|---|---|---|---|---|---|---|
| Dewey Decimal Classification | Consulta en sala | Puebla | Biblioteca Karol Wojtyla | Biblioteca Karol Wojtyla | Área de silencio | 03/12/2013 | Compra | 151000000000000000072639 | 631.4 MAN | 59783 | 05/01/2026 | 03/12/2013 | Libro |